| 000 | 00615nam a2200205 4500 | ||
|---|---|---|---|
| 001 | 148422 | ||
| 003 | ES-MaACL | ||
| 005 | 20230906202624.0 | ||
| 007 | t| | ||
| 008 | 070214s1970 sp r ||||1| spa d | ||
| 100 | 1 |
_aStrauss, Leo. _9108400 |
|
| 245 | 1 | 1 |
_a¿Qué es la Filosofía política? / _cLeo Strauss ; [lo tradujo... Amando A. de la Cruz]. |
| 260 |
_aMadrid : _bGuadarrama, _c[1970] ( _fAldus) |
||
| 300 |
_a355 p. ; _c18 cm. |
||
| 490 | 1 |
_aPunto Omega ; _v91 |
|
| 700 | 1 |
_aCruz, Amando A. de la. _941784 |
|
| 830 | 0 |
_aPunto Omega ; _v91 _9180707 |
|
| 852 |
_aES-MaACL _jC-40666 |
||
| 999 |
_c148422 _d148422 |
||